000 00308nam a2200121Ia 4500
008 220120s9999||||xx |||||||||||||| ||und||
082 _a823 REI
100 _aReichs, Kathy
_911917
245 0 _aBones to ashes
260 _aPoket
_bNew Delhi
_c2007
300 _a318p.;28cm
_b200
650 _aOPERATION RESEARCH
999 _c137456
_d137456